Una gran suerte que los países ricos no saben valorar /

Salvato in:
Dettagli Bibliografici
Autore principale: Ramos, Elsa
Natura: testo
Soggetti:
Tags: Aggiungi Tag
Nessun Tag, puoi essere il primo ad aggiungerne!!

MARC

LEADER 00000 a a2200000 04500
001 5569
003
040
100 |a Ramos, Elsa  
245 |a Una gran suerte que los países ricos no saben valorar /  |c Elsa Ramos 
650 |a MIGRACION LABORAL  
650 |a SINDICALISMO  
773 |g número 129; páginas 15-23  
999 |c 36298  |d 36298 
773 0 |0 45084  |9 9326  |a Oficina Internacional del Trabajo  |d Suiza : Organización Internacional del Trabajo ; 1964-2005  |o 01743  |t Educación Obrera